| 000 | 00810nam a2200253 i 4500 | ||
|---|---|---|---|
| 001 | 8650 | ||
| 003 | ES-MaACL | ||
| 005 | 20230906145514.0 | ||
| 007 | t| | ||
| 008 | 920818s1990 sp ||||1| spa d | ||
| 020 | _a84-87075-11-8 | ||
| 080 | _a849.9-23"19" | ||
| 080 | _a849.9(Benet i Jornet,J.M.7 D.03=6) | ||
| 100 | 1 |
_aBenet i Jornet, Josep M. _927545 |
|
| 245 | 1 | 0 |
_aDeseo / _cJosep M. Benet I Jornet ; traducción de José Sanchis Sinisterra. |
| 260 |
_aMadrid : _bEl Público, Centro de Documentación Teatral, _c1990. |
||
| 300 |
_a115 p. ; _c22 cm. |
||
| 490 | 1 |
_aTeatro ; _v11 |
|
| 700 | 1 |
_aSanchis Sinisterra, José. _9103020 |
|
| 710 | 1 |
_aCentro de Documentación Teatral (España) _92605 |
|
| 830 | 0 |
_aTeatro ; _v11 _9178026 |
|
| 852 |
_aES-MaACL _jL-16087 _bR.118620 |
||
| 999 |
_c8650 _d8650 |
||